000
00325nam a2200121Ia 4500
008
220204s9999 xx 000 0 und d
082
_a
531.1
_b
MIK
245
0
_a
Modern problems in elastic ware propagation
260
_a
New York
_b
John Wiley
_c
1978
700
_a
Achenbach, Jan D
700
_a
Miklowitz, Julius
942
_c
BK
999
_c
31407
_d
31407